[Event "Xativa Murta op 5th"]
[Site "Xativa"]
[Date "2019.07.20"]
[Round "8"]
[White "Martinez Lopez, Jose Luis"]
[Black "Soriano Pallas, Rafael"]
[Result "1-0"]
[WhiteElo "1702"]
[BlackElo "1839"]
[PlyCount "95"]
[EventDate "2019.07.15"]
[EventType "swiss"]
[EventRounds "9"]
[EventCountry "ESP"]
[SourceTitle "EXT 2020"]
[Source "ChessBase"]
[SourceDate "2019.10.17"]
[SourceVersion "1"]
[SourceVersionDate "2019.10.17"]
[SourceQuality "1"]

1. c4 Nf6 2. Nc3 e5 3. g3 d5 4. cxd5 Nxd5 5. Bg2 Nb6 6. d3 Nc6 7. Nf3 Be7 8. 0-0 0-0 9. a3 a5 10. Re1 Be6 11. Rb1 a4 12. e3 f6 13. d4 Bb3 14. Qd3 f5 15. Nd2 e4 16. Qe2 Bf7 17. f3 exf3 18. Bxf3 Bf6 19. Qg2 Re8 20. Re2 Bg5 21. Bxc6 bxc6 22. Nf3 Bf6 23. Qf2 Bc4 24. Re1 Bd3 25. Ra1 Qe7 26. Ne2 g5 27. Nc3 Rad8 28. Rd1 Ba6 29. Re1 g4 30. Nh4 Bxh4 31. gxh4 Bd3 32. e4 Bxe4 33. Bg5 Qg7 34. Bxd8 Rxd8 35. Rad1 Bf3 36. Rd3 c5 37. d5 f4 38. Qxc5 Nxd5 39. Nxd5 Qxb2 40. Rxf3 gxf3 41. Ne7+ Kf7 42. Qh5+ Kf8 43. Qxf3 Qd2 44. Re2 Qc1+ 45. Kg2 Rd7 46. Qa8+ Kf7 47. Qg8+ Kf6 48. Re6# 1-0

[Event "Xativa Murta op 5th"]
[Site "Xativa"]
[Date "2019.07.19"]
[Round "7"]
[White "Hassomal Daswani, Birjkumar"]
[Black "Martinez Lopez, Jose Luis"]
[Result "0-1"]
[WhiteElo "1994"]
[BlackElo "1702"]
[PlyCount "64"]
[EventDate "2019.07.15"]
[EventType "swiss"]
[EventRounds "9"]
[EventCountry "ESP"]
[SourceTitle "EXT 2020"]
[Source "ChessBase"]
[SourceDate "2019.10.17"]
[SourceVersion "1"]
[SourceVersionDate "2019.10.17"]
[SourceQuality "1"]

1. e4 c5 2. Nc3 d6 3. f4 Nc6 4. Bb5 Bd7 5. Bxc6 Bxc6 6. Nf3 e6 7. 0-0 Nf6 8. d3 Be7 9. Ne2 0-0 10. Ng3 b5 11. f5 e5 12. Nh1 Qb6 13. Nf2 c4 14. Kh1 Nd7 15. Qe2 Rac8 16. Be3 Qb7 17. Rae1 d5 18. Bg5 f6 19. Bc1 Rfd8 20. h3 Nc5 21. Kh2 a5 22. g4 b4 23. Rg1 cxd3 24. cxd3 Bb5 25. Qe3 dxe4 26. dxe4 Nd3 27. Rd1 Bc5 28. Qd2 Bxf2 29. Rgf1 Bb6 30. Qg2 Nxc1 31. Rxc1 Bxf1 32. Rxf1 Qxe4 0-1

[Event "Benimodo Igualtat"]
[Site "Benimodo"]
[Date "2018.08.14"]
[Round "1.4"]
[White "Kovacevic, Slobodan"]
[Black "Martinez Lopez, Jose Luis"]
[Result "1-0"]
[WhiteElo "2276"]
[BlackElo "1734"]
[PlyCount "69"]
[EventDate "2018.08.14"]
[EventType "swiss"]
[EventRounds "7"]
[EventCountry "ESP"]
[SourceTitle "EXT 2024"]
[Source "ChessBase"]
[SourceDate "2023.10.10"]
[SourceVersion "1"]
[SourceVersionDate "2023.10.10"]
[SourceQuality "1"]

1. d4 d5 2. Bf4 Nf6 3. e3 e6 4. Nd2 c5 5. c3 Nc6 6. Ngf3 Be7 7. h3 0-0 8. Bd3 Qb6 9. Rb1 c4 10. Bc2 Qa5 11. a4 a6 12. Ra1 Qd8 13. e4 g6 14. e5 Nh5 15. Bh6 Ng7 16. h4 f6 17. exf6 Rxf6 18. Qe2 Nh5 19. g3 Qd6 20. Qe3 Bd7 21. Ne5 Be8 22. Ndf3 Bf8 23. Bg5 Bg7 24. g4 Rxf3 25. Nxf3 Nf6 26. Rg1 Bf7 27. h5 Nd7 28. Bf4 e5 29. dxe5 Ndxe5 30. Nxe5 Nxe5 31. Bxe5 g5 32. Bb3 Be6 33. h6 Kf7 34. a5 Qb6 35. Qd4 1-0

[Event "Xativa Murta op 3rd"]
[Site "Xativa"]
[Date "2017.07.17"]
[Round "1"]
[White "Martinez Lopez, Jose Luis"]
[Black "Ibanez Aullana, Jose Ramon"]
[Result "0-1"]
[WhiteElo "1733"]
[BlackElo "2274"]
[PlyCount "50"]
[EventDate "2017.07.17"]
[EventType "swiss"]
[EventRounds "7"]
[EventCountry "ESP"]
[SourceTitle "EXT 2018"]
[Source "ChessBase"]
[SourceDate "2017.10.13"]
[SourceVersion "1"]
[SourceVersionDate "2017.10.13"]
[SourceQuality "1"]

1. c4 e5 2. Nc3 Nf6 3. g3 c6 4. Bg2 d5 5. cxd5 cxd5 6. d3 d4 7. Ne4 Nxe4 8. Bxe4 Nc6 9. Bd2 Be6 10. Bg2 Be7 11. Nf3 Qd7 12. 0-0 Bh3 13. Rc1 h5 14. Qa4 Bxg2 15. Kxg2 h4 16. Ng1 Qd5+ 17. f3 Qd7 18. b4 a6 19. Qb3 hxg3 20. hxg3 Qf5 21. Kf2 Qg6 22. Qd5 Rd8 23. Qb3 Rh2+ 24. Ke1 Qxg3+ 25. Kd1 Rc8 0-1

[Event "Xativa Murta op 2nd"]
[Site "Xativa"]
[Date "2016.08.23"]
[Round "2"]
[White "Nieves Cabanes, Javier"]
[Black "Martinez Lopez, Jose Luis"]
[Result "1-0"]
[WhiteElo "2215"]
[BlackElo "1631"]
[PlyCount "109"]
[EventDate "2016.08.22"]
[EventType "swiss"]
[EventRounds "9"]
[EventCountry "ESP"]
[SourceTitle "CBM 174 Extra"]
[Source "ChessBase"]
[SourceDate "2016.10.10"]
[SourceVersion "1"]
[SourceVersionDate "2016.10.10"]
[SourceQuality "1"]

1. e4 c5 2. Nc3 d6 3. f4 Nc6 4. Nf3 g6 5. Bb5 Bd7 6. 0-0 Bg7 7. d3 a6 8. Bxc6 Bxc6 9. Qe1 Nf6 10. e5 Nd5 11. Ne4 Nb4 12. Qe2 Bxe4 13. Qxe4 d5 14. Qe2 0-0 15. c3 Nc6 16. Qf2 d4 17. c4 e6 18. Bd2 Rb8 19. Ng5 h6 20. Ne4 b6 21. Qf3 Rc8 22. Rae1 Ne7 23. Qh3 Nf5 24. g4 Ne3 25. Bxe3 dxe3 26. Qxe3 Qd7 27. g5 h5 28. Nd6 Rc7 29. Rd1 Qc6 30. d4 cxd4 31. Rxd4 Rd8 32. Rfd1 Rcd7 33. Ne4 Rxd4 34. Rxd4 Rxd4 35. Qxd4 Bf8 36. a3 a5 37. Kf1 Kg7 38. Ke2 Be7 39. Kd2 Bc5 40. Qd3 Bg1 41. h3 Bh2 42. Ke3 Bg1+ 43. Kf3 Bc5 44. Qc3 Qb7 45. b4 axb4 46. axb4 Be7 47. c5 bxc5 48. bxc5 Bd8 49. c6 Qb6 50. Nd6 Bc7 51. Ne8+ Kf8 52. Nxc7 Qxc7 53. Qc5+ Kg7 54. Ke4 Qc8 55. Qb6 1-0